Statistics for General Knowledge #05

Click here to take the quiz!

General Stats

  • This quiz has been taken 38 times
  • The average score is 12 of 15

Answer Stats

HintAnswer% Correct
Nairobi is the capital of which African country?Kenya
97%
A kilt is an article of clothing traditionally associated with which country?Scotland
97%
If a coffee is described as being ‘an lait’, what has been added?Milk
94%
John F. Kennedy International Airport is located in which American city?New York
94%
Which 1982 Michel Jackson album is said to have sold over 47 million copies?Thriller
94%
Theresa May became which country’s second female Prime Minister in 2016?United Kingdom
94%
Montgomery Burns and his assistant Waylon Smithers appear in which TV series?The Simpsons
81%
What colour is the Circle Line on a traditional London Underground map?Yellow
81%
Which animal, native to Indonesia, is the largest species of lizard in the world?Komodo dragon
78%
The Noble Eightfold Path is an element of which religion?Buddhism
72%
Which sport has two types, or ‘codes’, known as League and Union?Rugby
72%
Who was British monarch during World War 2?King George VI
69%
“Just when you thought it was safe to go back in the water..." was a tagline for which ‘70s film?Jaws 2
66%
What is the common British name for the vegetable that Americans call zucchini?Courgette
59%
Which author’s first novel was The Posthumous Papers of the Pickwick Club?Charles Dickens
47%

Score Distribution

Percentile by Number Answered

Percent of People with Each Score

Your Score History

You have not taken this quiz